00507nam a2200169 450000500170000001000150001702000270003203500140005903700130007308200110008610000230009724500420012026000350016227000650019730000250026250000500028720200821114344.0 aENG-127527 c1395.00a9789382730668 aEN-111059 bDBAD/PUB a616.96 aGoswami,Dhanraj B. aParasitology /cby Dhanraj B. Goswami aKanpurbGarima Prakashanc2019 a1st floor, Mayur Park, Basant Vihar NaubastabKanpure208021 aviii;336p.c23cm(hb) aincludes bibliographical references and index